Peredača informacii : Statističeskaja teorija svjazi /

Gespeichert in:
Bibliographische Detailangaben
1. Verfasser: Fano, Robert M (Verfasst von)
Format: Buch
Sprache:Russisch
Veröffentlicht: Moskva : Mir, 1965
Tags: Tag hinzufügen
Keine Tags, Fügen Sie das erste Tag hinzu!

MARC

LEADER 00000nam a22000003a 4500
001 stu36007
005 20150617225702.2
008 920519s1965----xxr-----------------rus-d
040 |a STU  |b slo 
041 0 |a rus 
044 |a xxr 
100 1 |a Fano, Robert M  |4 aut 
245 1 |a Peredača informacii :  |b Statističeskaja teorija svjazi /  |c [aut.]Robert M. Fano; Z angl. kol 
260 |a Moskva :  |b Mir,  |c 1965 
300 |a 438 s 
996 |b 284M002409  |c M*4921-1  |l MMKN  |s A  |a 24  |w stu36007_0001